[Event "Juan Martinez Sola"]
[Site "UAL Almeria Spain"]
[Date "2015.12.18"]
[Round "2.11"]
[White "Alonso Garcia, Aaron"]
[Black "Torres Lopez, Jose"]
[Result "1-0"]
[BlackElo "1186"]
[WhiteElo "1898"]
[LiveChessVersion "1.4.4"]

1. e4 d6 2. d4 g6 3. Nc3 Bg7 4. Be3 Nd7 5. Qd2 Ngf6 6. f3 c6 7. O-O-O b5 8. Bh6
Bxh6 9. Qxh6 Bb7 10. e5 Nd5 11. Nxd5 cxd5 12. exd6 e6 13. Bxb5 Qb6 14. Qg7 O-O-O
15. Bxd7+ Kxd7 16. Qxf7+ Kxd6 17. Re1 Rde8 18. Qf6 Rhg8 19. Ne2 g5 20. Ng3 Kd7
21. Qf7+ Kd6 22. Nf5+ Kc6 23. Rxe6+ Rxe6 24. Qxe6+ Kc7 25. Qxg8 Bc8 26. Ne7 Be6
27. Nxd5+ Bxd5 28. Qxd5 Qf6 29. Qe5+ Qd6 30. Qxd6+ Kxd6 31. c4 h5 32. Re1 a5 33.
Kd2 a4 34. d5 Kc5 35. Kc3 h4 36. Re6 a3 37. b4# Kxd5 1-0

[Event "Juan Martinez Sola"]
[Site "UAL Almeria Spain"]
[Date "2015.12.19"]
[Round "3.2"]
[White "Pulido Moyano, Rafael"]
[Black "Moreno Alberti, Manuel"]
[Result "0-1"]
[BlackElo "1943"]
[WhiteElo "1632"]
[LiveChessVersion "1.4.4"]

1. e4 c5 2. Nc3 a6 3. Nf3 d6 4. d4 cxd4 5. Nxd4 Nf6 6. Be2 e6 7. O-O b5 8. a3 Bb7
9. Bf3 Qc7 10. Re1 Nbd7 11. Bg5 Be7 12. Bxf6 Nxf6 13. e5 dxe5 14. Bxb7 Qxb7 15.
Rxe5 Rd8 16. Qf3 Qxf3 17. Nxf3 Nd7 18. Re2 Bf6 19. Re3 Nb6 20. Rd1 Nc4 21. Rxd8+
Kxd8 22. Rd3+ Ke7 23. Nd1 Nxb2 24. Nxb2 Bxb2 25. Rb3 Rd8 26. Kf1 Bf6 27. Ke2 Rc8
28. Kd3 Rc4 29. c3 Ra4 30. Nd2 Bg5 31. Ne4 Bc1 32. Nc5 Ra5 33. Nb7 Rxa3 34. Rxa3
Bxa3 35. Na5 Kd6 36. c4 f6 37. cxb5 axb5 38. Nb3 Bc5 39. f3 Kd5 40. f4 e5 41.
fxe5 fxe5 42. Nd2 Bd4 43. g3 b4 44. h3 Bc3 45. Ne4 Be1 46. g4 b3 47. Ng5 e4+ 48.
Kd4+ Ke5+ 0-1

[Event "Juan Martinez Sola"]
[Site "UAL Almeria Spain"]
[Date "2015.12.19"]
[Round "4.2"]
[White "Moreno Alberti, Manuel"]
[Black "Moya Albaladejo, Jose Antonio"]
[Result "0-1"]
[BlackElo "1876"]
[WhiteElo "1943"]
[LiveChessVersion "1.4.4"]

1. e4 e5 2. Nf3 Nc6 3. Bb5 a6 4. Bxc6 dxc6 5. O-O Ne7 6. Nxe5 Qd4 7. Qh5 g6 8.
Qg5 Bg7 9. Nd3 f5 10. e5 Qg4 11. Qe3 Nd5 12. Qg3 O-O 13. f4 b6 14. Nc3 Qxg3 15.
hxg3 Bb7 16. Ne1 c5 17. Nxd5 Bxd5 18. d3 Rad8 19. Be3 g5 20. Nf3 g4 21. Nd2 Rfe8
22. Bf2 Bf8 23. Rfd1 Re6 24. Nc4 Rc6 25. Ne3 Be6 26. c3 Bc8 27. d4 Kf7 28. d5 Rh6
29. c4 Be7 30. Be1 Rh5 31. Bc3 Rg8 32. Kf2 Rg6 33. Rd2 Ke8 34. Rad1 Bd7 35. b3
Rgh6 36. Re1 Rg6 37. Rdd1 Rgh6 38. a4 a5 39. Rd2 Rg6 40. Red1 Rgh6 41. d6 cxd6
42. exd6 Bd8 43. Nd5 Kf7 44. Ne7 Rh2 45. Re1 Re6 46. Rxe6 Kxe6 47. Nd5 Rh1 48.
Be5 Rb1 49. Re2 Kf7 50. Rb2 Rxb2+ 51. Bxb2 Bc6 52. Be5 Ke6 53. Nc3 h6 54. Nd1 Be4
55. Ne3 Bb1 56. Ke2 Ba2 57. Kd2 Bxb3 58. Kc3 Bxa4 59. Kb2 Bc6 60. Kc3 h5 61. Kb3
h4 62. Kc3 h3 63. gxh3 gxh3 64. Nf1 Bf6 65. Bxf6 Kxf6 66. Nh2 Ke6 67. g4 fxg4 68.
Nxg4 Kxd6 69. Kd4 Ke5+ 0-1

[Event "Juan Martinez Sola"]
[Site "UAL Almeria Spain"]
[Date "2015.12.19"]
[Round "4.6"]
[White "Serrano Cattoni, Francisco"]
[Black "Andres Zamorano, Cayo"]
[Result "1-0"]
[BlackElo "1604"]
[WhiteElo "1762"]
[LiveChessVersion "1.4.4"]

1. e4 e6 {[%clk 0:59:02]} 2. d3 {[%clk 1:01:09]} Nc6 {[%clk 0:58:52]} 3. Nf3
{[%clk 1:00:44]} Be7 {[%clk 0:51:35]} 4. g3 {[%clk 1:00:26]} Nf6 {[%clk 0:50:12]}
5. Bg2 {[%clk 0:56:49]} e5 {[%clk 0:49:02]} 6. c3 {[%clk 0:54:06]} d6
{[%clk 0:48:33]} 7. h3 {[%clk 0:52:28]} Bd7 {[%clk 0:48:11]} 8. Nbd2
{[%clk 0:50:17]} Qc8 {[%clk 0:44:18]} 9. b3 {[%clk 0:46:48]} a5 {[%clk 0:41:25]}
10. a4 {[%clk 0:46:50]} d5 {[%clk 0:40:57]} 11. exd5 {[%clk 0:46:04]} Nxd5
{[%clk 0:41:20]} 12. Bb2 {[%clk 0:45:46]} O-O {[%clk 0:41:17]} 13. Nc4
{[%clk 0:43:36]} Bf6 {[%clk 0:40:53]} 14. Nfd2 {[%clk 0:43:08]} Nb6
{[%clk 0:37:45]} 15. Nxb6 {[%clk 0:42:30]} cxb6 {[%clk 0:37:47]} 16. Ne4
{[%clk 0:42:43]} Be7 {[%clk 0:37:28]} 17. Qh5 {[%clk 0:41:33]} f5
{[%clk 0:36:37]} 18. Ng5 {[%clk 0:41:08]} Bxg5 {[%clk 0:31:08]} 19. Qxg5
{[%clk 0:41:17]} h6 {[%clk 0:27:58]} 20. Qh5 {[%clk 0:37:52]} Be6
{[%clk 0:26:36]} 21. c4 {[%clk 0:36:22]} Nd4 {[%clk 0:26:18]} 22. Bxd4
{[%clk 0:31:51]} exd4 {[%clk 0:26:34]} 23. O-O {[%clk 0:31:42]} Bf7
{[%clk 0:25:48]} 24. Qf3 {[%clk 0:31:06]} Rb8 {[%clk 0:25:20]} 25. Rfe1
{[%clk 0:30:35]} Qd7 {[%clk 0:24:14]} 26. Re5 {[%clk 0:30:22]} g6
{[%clk 0:22:18]} 27. Qf4 {[%clk 0:28:54]} Kg7 {[%clk 0:22:35]} 28. Rb5
{[%clk 0:27:50]} g5 {[%clk 0:21:11]} 29. Qe5+ {[%clk 0:27:05]} Kg8
{[%clk 0:20:00]} 30. Rxb6 {[%clk 0:26:35]} Rfe8 {[%clk 0:19:43]} 31. Qxa5
{[%clk 0:24:29]} Re6 {[%clk 0:19:43]} 32. Qa7 {[%clk 0:19:07]} Qe8
{[%clk 0:14:22]} 33. Rxe6 {[%clk 0:18:56]} Bxe6 {[%clk 0:14:02]} 34. Re1
{[%clk 0:19:05]} f4 {[%clk 0:13:04]} 35. Bd5 {[%clk 0:18:53]} fxg3
{[%clk 0:10:56]} 36. Rxe6 {[%clk 0:17:44]} gxf2+ {[%clk 0:08:51]} 37. Kxf2 Qf7+
38. Rf6 Qe8 {[%clk 0:04:02]} 39. Re6 1-0

[Event "Juan Martinez Sola"]
[Site "UAL Almeria Spain"]
[Date "2015.12.19"]
[Round "4.9"]
[White "Moreno Bello, Miguel"]
[Black "Wang Qiu, Laura"]
[Result "0-1"]
[BlackElo "1360"]
[WhiteElo "1710"]
[LiveChessVersion "1.4.4"]

1. e4 d6 2. d4 Nf6 3. Nc3 g6 4. Be2 Bg7 5. Be3 O-O 6. f3 Nbd7 7. h4 c5 8. h5 Qb6
9. a3 Nxh5 10. Nd5 Qd8 11. Bc4 e6 12. Nf4 cxd4 13. Nxh5 gxh5 14. Bxd4 e5 15. Be3
Nf6 16. Qd2 Be6 17. Bd3 d5 18. exd5 Qxd5 19. Ne2 e4 20. Nc3 Qe5 21. f4 Qf5 22.
Be2 Rad8 23. Qc1 b6 24. Nd1 Ng4 25. Nf2 Qg6 26. Nh3 Nxe3 27. Qxe3 Qxg2 28. Nf2
Bxb2 29. Bf1 Qg7 30. Nxe4 Bxa1 31. Rxh5 Kh8 32. Ng5 Bc3+ 33. Ke2 Bg4+ 34. Ke1 0-1

[Event "Juan Martinez Sola"]
[Site "UAL Almeria Spain"]
[Date "2015.12.19"]
[Round "6.9"]
[White "Moreno Bello, Miguel"]
[Black "Wang Qiu, Jorge"]
[Result "1-0"]
[BlackElo "1682"]
[WhiteElo "1710"]
[LiveChessVersion "1.4.4"]

1. a3 e5 2. e4 Nc6 3. Bc4 Bc5 4. b4 Bb6 5. Nf3 Nf6 6. d3 O-O 7. Nc3 d6 8. Bg5 Bg4
9. Nd5 h6 10. Nxf6+ gxf6 11. Bxh6 Re8 12. h3 Bh5 13. g4 Bg6 14. Nh4 Bd4 15. Nxg6
Kh7 16. Bxf7 Bc3+ 17. Kf1 Kxh6 18. g5+ fxg5 19. h4 Kg7 20. Qh5 Kxf7 21. Nh8+ Ke6
22. Qf7# Nb8 1-0